<?xml version="1.0" encoding="UTF-8"?><?xml-stylesheet type="text/xsl" href="static/style.xsl"?><OAI-PMH xmlns="http://www.openarchives.org/OAI/2.0/" xmlns:xsi="http://www.w3.org/2001/XMLSchema-instance" xsi:schemaLocation="http://www.openarchives.org/OAI/2.0/ http://www.openarchives.org/OAI/2.0/OAI-PMH.xsd"><responseDate>2026-06-01T14:48:18Z</responseDate><request verb="GetRecord" identifier="oai:riuma.uma.es:10630/18410" metadataPrefix="marc">https://riuma.uma.es/rest/oai/request</request><GetRecord><record><header><identifier>oai:riuma.uma.es:10630/18410</identifier><datestamp>2026-02-03T12:02:44Z</datestamp><setSpec>com_10630_2254</setSpec><setSpec>col_10630_37959</setSpec></header><metadata><record xmlns="http://www.loc.gov/MARC21/slim" xmlns:dcterms="http://purl.org/dc/terms/" xmlns:doc="http://www.lyncode.com/xoai" xmlns:xsi="http://www.w3.org/2001/XMLSchema-instance" xsi:schemaLocation="http://www.loc.gov/MARC21/slim http://www.loc.gov/standards/marcxml/schema/MARC21slim.xsd">
   <leader>00925njm 22002777a 4500</leader>
   <datafield ind2=" " ind1=" " tag="042">
      <subfield code="a">dc</subfield>
   </datafield>
   <datafield ind2=" " ind1=" " tag="720">
      <subfield code="a">Bugnot-Tripoz, Miren Aingeru</subfield>
      <subfield code="e">author</subfield>
   </datafield>
   <datafield ind2=" " ind1=" " tag="260">
      <subfield code="c">2019-09-20</subfield>
   </datafield>
   <datafield ind2=" " ind1=" " tag="520">
      <subfield code="a">L'histoire culturelle nous amène à trouver des représentations collectives propres à une société donnée à travers l’analyse de ses socio-langages et des imaginaires sociaux. Le Second Empire est une période clé qui lance la France vers la modernité. La « saison » thermale, puis balnéaire, qui s’étend de mai à octobre, fait partie de la vie aristocratique européenne depuis le XVIIIe siècle. Napoléon III en fait une affaire d’état et favorise l’apparition d’espaces dynamiques ouverts aux influences extérieures alliant santé, activités mondaines et sportives, brassage social et culture du dépaysement. Marquée par l’influence britannique, ces nouveaux microcosmes projettent une image de marque exclusive qui attire une clientèle urbaine et fortunée. L’imaginaire qui en découle est le fait de représentations immatérielles tels mythes, légendes ou phantasmes aussi bien que d’estampes, d’affiches ou de cartes postales qui véhiculent sensualité, luxe et modernité.</subfield>
   </datafield>
   <datafield ind1="8" ind2=" " tag="024">
      <subfield code="a">https://hdl.handle.net/10630/18410</subfield>
   </datafield>
   <datafield tag="653" ind2=" " ind1=" ">
      <subfield code="a">Francia-Historia-1852-1870, Segundo Imperio</subfield>
   </datafield>
   <datafield ind2="0" ind1="0" tag="245">
      <subfield code="a">La saison des eaux sous Napoléon III: facteur de modernité</subfield>
   </datafield>
</record>
</metadata></record></GetRecord></OAI-PMH>